000 01271ngm a22003610a 4500
001 PT15249
003 AR-LpoUNG
005 20210202000142.0
007 vd cvaizq
008 191001s1963||||ag |||||||||||||||||ita d
037 _c$8.30
037 _c$8.30
040 _aAR-LpoUNG
_bspa
_cAR-LpoUNG
_eaacr
041 _aita
_aspa
044 _aag
082 0 _a945.084 825gat
100 1 _aVisconti, Luchino
_edir.
245 1 3 _aEl gatopardo
260 _aBuenos Aires :
_bCultural Video,
_c1963.
300 _aVHS (177 min.) : son., col.
505 0 _aFotografía: Giuseppe Rotunno. - Basado en la novela homónima de Giuseppe Tomas de Lampedusa
520 _aLa vida de Don Fabrizio, Príncipe de Salina, y de toda su familia, se ve alterada tras la invasión de Sicilia por las tropas de Garibaldi. De modos que todos se refugian en la casa de campo que la familia tiene en Donnafugatta. Hasta el lugar se desplazan, además de la mujer del Prínicipe y sus tres hijos, el joven Tancredi, el sobrino predilecto de Don Fabrizio.
650 4 _aCULTURA
650 4 _aGOBIERNO
650 4 _aHISTORIA
650 4 _aITALIA
650 4 _aSOBERANIA
650 4 _aSOCIEDAD
653 _aMAES
653 _aVIDEOS
905 _a15249
942 _cVIDEO
999 _c54212
_d54212